MARC

LEADER 00000nam0a2200000 4500
001 356648
005 20231102010920.0
035 |a (RuTPU)RU\TPU\retro\13908 
090 |a 356648 
100 |a 20200722d1976 k y0rusy50 ca 
101 0 |a rus 
102 |a RU 
105 |a a z 001zy 
200 1 |a Ядерно-геохимические методы  |e сборник научных трудов  |f Академия наук СССР, Сибирское отделение, Институт геологии и геофизики 
210 |a Новосибирск  |c [Б. и.]  |d 1977 
215 |a 136 с.  |c ил. 
320 |a Библиография в конце статей 
606 1 |a Ядерная геофизика, прикладная  |2 stltpush  |3 (RuTPU)RU\TPU\subj\21554  |9 46518 
610 1 |a породы 
610 1 |a руды 
610 1 |a анализ 
610 1 |a геохимические критерии 
610 1 |a золоторудные месторождения 
610 1 |a минералы 
610 1 |a многоэлементный инструментальный нейтронно-активационный анализ 
610 1 |a тантал 
610 1 |a коры выветривания 
610 1 |a гафний 
610 1 |a цирконий 
610 1 |a экзогенные образования 
610 1 |a озоленные нефти 
610 1 |a макроэлементы 
610 1 |a микроэлектродвигатели 
610 1 |a микроэлементы 
610 1 |a атомно-абсорбционные спектрофотометры 
675 |a 550.835  |v 4 
712 0 2 |a Академия наук СССР  |b Сибирское отделение  |b Институт геологии и геофизики  |c (Новосибирск)  |c (1957-1990)  |2 stltpush  |3 (RuTPU)RU\TPU\col\128  |9 23211 
801 1 |a RU  |b 63413507  |c 20200722 
801 2 |a RU  |b 63413507  |c 20210203  |g RCR 
942 |c BK